| 000 | 01731nam a2200289Ia 4500 | ||
|---|---|---|---|
| 001 | B0792 | ||
| 003 | IT-RoPAU | ||
| 008 | 130308s9999 xx 000 0 und d | ||
| 040 | _aIT-RoPAU | ||
| 040 | _cIT-RoPAU | ||
| 041 | _aFRANCESE | ||
| 100 | _aColinon Marie-Christine | ||
| 100 | _gCodice Aut. SPICS: 37182 | ||
| 245 | _aCommunication (La)-Relations publiques, publicitè et journalisme | ||
| 245 | _bCommunication (La)-Relations Publiques, Publicite' et Journalisme | ||
| 250 | _a1a ed. | ||
| 260 | _aPARIS | ||
| 260 | _bBayard | ||
| 260 | _c1990 [1° Ed.:1990 - Ed.Ling.Originale:1990] | ||
| 300 | _a"160 p. (prefazione: no ; testo: 160 [pagine: 0-0])" | ||
| 500 | _aComunicazione: relazioni Pubbliche, Pubblicità e Giornalismo. Esplosione della Comunicazione. Comunicazione D'Impresa: mercato dell'Impiego, Addettialle Pubbliche relazioni Tramite Agenzie o in Proprio. Pubblicita': dal Dinamismo Alla vendita con Inserzionisti, Agenzia o Media. Giornalismo: Romanticismo e Realtà. Aumento dei giornalisti impiegati nella Stampa, Agenzie e Audiovisivi. Pubbliche Relazioni: Direttore e I responsabili della Comunicazione Interna ed Esterna, consiglio di Comunicazione. Pubblicitari: responsabili Commerciali, Specialisti dei Media, Creativi. Giornalisti: Redattore, giornalista dell'Immagine, Segretario di Redazione. Varietà di Formazione: Formazione Corta, Universitaria, specifica al Giornalismo, Formazione Privata, Formazione Continua. Voci Prestigiose: Celsa. scelta del Proprio Obiettivo con Chiarezza. Formazione ben Curata. Ricerca dell'Impiego. Bibliografia. | ||
| 650 | _aSAGGI DI COMUNICAZIONE SOCIALE | ||
| 650 | _eCodice materia Spics: 3807 | ||
| 942 | _cBK | ||
| 957 | _71 | ||
| 999 |
_c89610 _d89610 |
||
| 999 | _g1 | ||